[Event "Oberhausen- Annen"]
[Site "?"]
[Date "2023.11.19"]
[Round "4.1"]
[White "Dahlbeck, Mirko"]
[Black "Puetter, Pascal"]
[Result "0-1"]
[WhiteElo "1997"]
[BlackElo "1991"]
[PlyCount "86"]
[SourceDate "2023.11.29"]

1. e4 c6 2. d4 d5 3. exd5 cxd5 4. Bd3 Nc6 5. c3 Nf6 6. h3 e5 7. dxe5 Nxe5 8.
Qe2 Ne4 9. Bb5+ Bd7 10. Bxd7+ Qxd7 11. f3 O-O-O 12. fxe4 dxe4 13. Be3 Nd3+ 14.
Kf1 Qf5+ 15. Nf3 exf3 16. Qxf3 Qxf3+ 17. gxf3 Nxb2 18. Bxa7 Nc4 19. Bd4 Be7 20.
Rh2 Bg5 21. Re2 Rhe8 22. a4 f6 23. Na3 Nd2+ 24. Rxd2 Bxd2 25. Nc4 Bf4 26. a5
Re6 27. Rb1 Bc7 28. Nb6+ Bxb6 29. axb6 Rd5 30. Rb4 Ra5 31. Rb2 Ra4 32. Kf2 Kd7
33. Rb5 Rc4 34. h4 g6 35. h5 Kc6 36. Rb1 Ra4 37. hxg6 hxg6 38. Kg3 Rd6 39. Bf2
Rc4 40. Rh1 Rxc3 41. Rh8 Rdd3 42. Kg2 Rxf3 43. Rh7 Rxf2+ 0-1

[Event "Oberhausen- Annen"]
[Site "?"]
[Date "2023.11.19"]
[Round "4.2"]
[White "Kyas, Jens"]
[Black "Mainka, Gregor"]
[Result "0-1"]
[WhiteElo "1873"]
[BlackElo "2094"]
[PlyCount "84"]
[SourceDate "2023.11.29"]

1. e4 e6 2. d4 d5 3. Nc3 Bb4 4. Bd2 Ne7 5. Qg4 O-O 6. e5 c5 7. a3 Bxc3 8. bxc3
Nbc6 9. Nf3 f6 10. Bd3 c4 11. Be2 fxe5 12. Nxe5 Nxe5 13. dxe5 Nc6 14. Qg3 Bd7
15. h4 Qc7 16. f4 Qb6 17. Bc1 d4 18. O-O d3+ 19. Be3 dxe2 20. Bxb6 exf1=Q+ 21.
Kxf1 axb6 22. Rb1 Ne7 23. Rxb6 Bc6 24. Qg4 Nf5 25. Ke2 Rxa3 26. Qg5 Bd5 27. Kd2
h6 28. Qg4 Rd8 29. Rd6 Nxd6 30. exd6 Rxd6 31. Qg3 Be4+ 32. Ke1 Bxc2 33. f5 Rd1+
34. Ke2 exf5 35. Qb8+ Kh7 36. h5 Rxc3 37. Qxb7 Rg3 38. Qc6 Rg1 39. Qc8 R1xg2+
40. Kf1 Bd3+ 41. Ke1 Re2+ 42. Kd1 Rg1# 0-1

[Event "Oberhausen- Annen"]
[Site "?"]
[Date "2023.11.19"]
[Round "4.3"]
[White "Wicht, Juergen"]
[Black "Heintze, Sven"]
[Result "1/2-1/2"]
[WhiteElo "2021"]
[BlackElo "1824"]
[Annotator "daniel"]
[PlyCount "79"]
[SourceDate "2023.11.29"]

1. d4 d5 2. g3 Nf6 3. Bg2 e6 4. Nf3 Be7 5. c4 O-O 6. cxd5 exd5 7. O-O c6 8. Qb3
Nbd7 9. Rd1 Qb6 10. Qxb6 Nxb6 11. b3 Bf5 12. Ne5 a5 13. Bd2 Ne4 14. f3 Nxd2 15.
Rxd2 a4 16. e4 Be6 17. bxa4 f6 18. Rb2 $11 fxe5 19. Rxb6 Ra7 20. exd5 Bxd5 21.
Nc3 Bxf3 22. Rab1 exd4 23. Ne4 Bxe4 24. Bxe4 Rxa4 25. Rxb7 Bf6 26. Bxc6 Ra5 27.
Bb5 Rd8 28. Bc4+ Kh8 29. Rb8 Ra8 30. Rxa8 Rxa8 31. Kf2 h6 32. Ke2 Kh7 33. Kd3
Kg6 34. Ra1 Ra3+ 35. Bb3 Kf5 36. h3 Ke5 37. Re1+ Kd6 38. Kc4 Ra7 39. Kb5 Be5
40. g4 1/2-1/2

[Event "Oberhausen- Annen"]
[Site "?"]
[Date "2023.11.19"]
[Round "4.4"]
[White "Kuckelkorn, Joerg"]
[Black "Herrmann, Uwe"]
[Result "1/2-1/2"]
[WhiteElo "1813"]
[BlackElo "1873"]
[PlyCount "81"]
[SourceDate "2023.11.29"]

1. f4 d5 2. Nf3 Nf6 3. g3 Bf5 4. Bg2 h6 5. d3 e6 6. O-O Bc5+ 7. e3 Nbd7 8. Nc3
c6 9. Qe2 Qe7 10. Kh1 Bb4 11. Bd2 a5 12. a3 Bc5 13. e4 dxe4 14. dxe4 Bh7 15.
Ne1 Bb6 16. Nd3 O-O 17. Na4 Bc7 18. c4 Rfd8 19. b4 Nb6 20. Nxb6 Bxb6 21. c5 Bc7
22. Bc3 Nd7 23. Rfd1 e5 24. f5 Kf8 25. Qb2 f6 26. bxa5 Bxa5 27. Bxa5 Rxa5 28.
Qxb7 Nxc5 29. Nxc5 Rxc5 30. Rxd8+ Qxd8 31. Qb4 Qd4 32. Qb8+ Ke7 33. Qc7+ Qd7
34. Qb8 Kf7 35. Bf3 Rb5 36. Qa8 Rb3 37. Rd1 Rd3 38. Rxd3 Qxd3 39. Qb7+ Kf8 40.
Qc8+ Ke7 41. Qb7+ 1/2-1/2

[Event "Oberhausen- Annen"]
[Site "?"]
[Date "2023.11.19"]
[Round "4.5"]
[White "Zadow, Ralf"]
[Black "Zimmer, Miguel"]
[Result "0-1"]
[WhiteElo "1848"]
[BlackElo "1742"]
[Annotator "daniel"]
[PlyCount "78"]
[SourceDate "2023.11.29"]

1. e4 d5 2. d4 dxe4 3. Nc3 Nf6 4. Bg5 Bf5 5. Qe2 c6 6. O-O-O Nbd7 7. f3 Qa5 $11
8. Bxf6 Nxf6 9. fxe4 Bg4 10. Nf3 e6 11. h3 Bxf3 12. Qxf3 Bb4 13. Rd3 Bxc3 14.
Rxc3 Qg5+ 15. Kb1 Qd2 16. Bd3 O-O 17. Rd1 Qg5 18. Rc5 Qh4 19. Rh1 Nd7 20. Rh5
Qf6 21. Qe3 g6 22. e5 Qg7 23. Rh6 Nb6 24. h4 Nd5 25. Qd2 f5 26. h5 g5 27. Rxe6
Nf4 28. h6 Qd7 29. Rd6 Qe7 30. Bc4+ Kh8 31. g3 Ng6 32. Bd3 Rad8 33. Rxd8 Qxd8
34. Rf1 Qxd4 35. e6 f4 36. gxf4 Nxf4 37. e7 Re8 38. Qe1 Qf6 39. Qb4 Qxe7 0-1

[Event "Oberhausen- Annen"]
[Site "?"]
[Date "2023.11.19"]
[Round "4.6"]
[White "Hortolani, Holger"]
[Black "Hartung, Thomas"]
[Result "1-0"]
[WhiteElo "2027"]
[BlackElo "1840"]
[PlyCount "87"]
[SourceDate "2023.11.29"]

1. Nf3 Nf6 2. g3 g6 3. b3 Bg7 4. Bb2 b6 5. Bg2 Bb7 6. O-O O-O 7. d4 d5 8. c4 c5
9. dxc5 dxc4 10. cxb6 cxb3 11. bxa7 Rxa7 12. axb3 Rxa1 13. Bxa1 Qa5 14. Nbd2
Nc6 15. Nc4 Qc5 16. Qc1 Ra8 17. e3 Qb5 18. Qb1 Rb8 19. Rd1 Ba6 20. Nfe5 Nb4 21.
Bf1 Qb7 22. Bd4 Bb5 23. Bg2 Qc7 24. Rc1 Qd8 25. Qb2 Nbd5 26. Qd2 Be8 27. Qa5
Qxa5 28. Nxa5 e6 29. Nec6 Rb5 30. e4 Nb4 31. Nxb4 Rxb4 32. Bc5 Rb8 33. b4 Bb5
34. Bd6 Rd8 35. Nb7 Ra8 36. h3 Bd3 37. e5 Nd5 38. Na5 Re8 39. Rc5 f6 40. Bxd5
exd5 41. Rxd5 Be4 42. Rd4 f5 43. f4 Rc8 44. Rc4 1-0

[Event "Oberhausen- Annen"]
[Site "?"]
[Date "2023.11.19"]
[Round "4.7"]
[White "Leckebusch, Hans- Peter"]
[Black "Barutta, Larissa"]
[Result "1-0"]
[WhiteElo "1664"]
[BlackElo "1763"]
[PlyCount "87"]
[SourceDate "2023.11.29"]

1. d4 d5 2. e3 Nf6 3. f4 e6 4. Nf3 c5 5. c3 Nc6 6. Ne5 Bd7 7. Bd3 Be7 8. Nd2
Rc8 9. O-O Qb6 10. Qf3 cxd4 11. exd4 Bd6 12. Nb3 Bxe5 13. fxe5 Nxe5 14. Qg3 Ng6
15. Be3 Bb5 16. Rad1 Bxd3 17. Rxd3 Qc7 18. Qf3 O-O 19. Bc1 Qb6 20. Kh1 Ne4 21.
Qh5 Qa6 22. Rdf3 Qe2 23. Kg1 Nf6 24. Qg5 Ne4 25. Qh5 Qa6 26. Rh3 Rfd8 27. Qxh7+
Kf8 28. Qxg6 Qxf1+ 29. Kxf1 fxg6 30. Be3 Rd7 31. Rh8+ Kf7 32. Rxc8 Nd6 33. Ra8
b6 34. Ke2 Nc4 35. Bc1 e5 36. dxe5 Nxe5 37. Nd4 Kf6 38. Rf8+ Ke7 39. Rf1 Kd8
40. h3 Kc8 41. Rf8+ Kb7 42. Bf4 Nc4 43. b3 Na5 44. Kd3 1-0

[Event "Oberhausen- Annen"]
[Site "?"]
[Date "2023.11.19"]
[Round "4.8"]
[White "Ciomperlik, Alessio"]
[Black "Helbig, Dieter"]
[Result "1-0"]
[WhiteElo "1698"]
[BlackElo "1569"]
[PlyCount "49"]
[SourceDate "2023.11.29"]

1. e4 d6 2. d4 Nf6 3. Nc3 Nbd7 4. Nf3 g6 5. Bc4 Bg7 6. e5 dxe5 7. dxe5 O-O 8.
exf6 Bxf6 9. Ne4 e6 10. Nxf6+ Qxf6 11. c3 b6 12. O-O c5 13. Bg5 Qg7 14. Qd2 Re8
15. Rfe1 a6 16. a4 Ra7 17. Rad1 Ra8 18. Qd6 h6 19. Bf4 Kh7 20. Ne5 Nxe5 21.
Bxe5 f6 22. Bg3 Qb7 23. Bd5 Qa7 24. Bxa8 Qxa8 25. Qxb6 1-0

[Event "Ahlen- Eichlinghofen"]
[Site "?"]
[Date "2023.11.19"]
[Round "4.1"]
[White "Scholz, Christian"]
[Black "Steinle, Carsten"]
[Result "1-0"]
[WhiteElo "2260"]
[BlackElo "2006"]
[PlyCount "81"]
[SourceDate "2023.11.29"]

1. d4 Nf6 2. c4 e6 3. Nc3 Bb4 4. Qc2 c5 5. dxc5 Nc6 6. Nf3 Bxc5 7. Bg5 O-O 8.
e3 Bb4 9. Be2 Qa5 10. O-O Bxc3 11. bxc3 b6 12. Rfd1 Rd8 13. Rd6 Ba6 14. Rad1
Ne5 15. Bxf6 gxf6 16. Nxe5 Qxe5 17. Qa4 Bb7 18. Rxd7 Rxd7 19. Rxd7 Be4 20. Rxa7
Rxa7 21. Qxa7 Qd6 22. h3 Kg7 23. Bh5 Bg6 24. Bxg6 hxg6 25. g3 Qd1+ 26. Kg2 Qd6
27. Qa4 g5 28. Qb4 Qc6+ 29. Kg1 f5 30. a4 Kf6 31. Qf8 Kg6 32. Qg8+ Kf6 33. h4
gxh4 34. gxh4 Qxa4 35. Qg5+ Ke5 36. Qg7+ Kd6 37. Qd4+ Ke7 38. h5 Qa1+ 39. Kg2
Qa8+ 40. Kh2 Qf3 41. Qh4+ 1-0

[Event "Ahlen- Eichlinghofen"]
[Site "?"]
[Date "2023.11.19"]
[Round "4.2"]
[White "Torres- Kuckel, Rafael"]
[Black "Watzlawek, Markus"]
[Result "1/2-1/2"]
[WhiteElo "2125"]
[BlackElo "2015"]
[PlyCount "60"]
[SourceDate "2023.11.29"]

1. e4 c5 2. Nf3 d6 3. Bc4 Nf6 4. d3 Nc6 5. c3 a6 6. Bb3 Bg4 7. Nbd2 e6 8. h3
Bh5 9. Nf1 d5 10. exd5 Nxd5 11. Ng3 Bg6 12. O-O Nf6 13. Bc2 Be7 14. Nh4 Qc7 15.
Qe2 Rd8 16. Nxg6 hxg6 17. Ne4 Nxe4 18. dxe4 g5 19. Qg4 Rh4 20. Qg3 Qxg3 21.
fxg3 Rh8 22. Be3 Ne5 23. Rad1 f6 24. Rxd8+ Kxd8 25. Bb3 c4 26. Bb6+ Ke8 27. Bc2
Kf7 28. Bd4 Nc6 29. Bb6 Ne5 30. Bd4 Nc6 1/2-1/2

[Event "Ahlen- Eichlinghofen"]
[Site "?"]
[Date "2023.11.19"]
[Round "4.3"]
[White "Brockmann, Michael"]
[Black "Woestmann, Ulrich"]
[Result "1-0"]
[WhiteElo "2045"]
[BlackElo "1939"]
[PlyCount "55"]
[SourceDate "2023.11.29"]

1. d4 g6 2. c4 Bg7 3. e4 d6 4. Nc3 c6 5. Be3 a6 6. Nf3 Bg4 7. Be2 Nd7 8. O-O e6
9. Qd2 Qc7 10. Rfd1 Ne7 11. Bf4 Bxf3 12. Bxf3 e5 13. dxe5 Nxe5 14. Be2 Rd8 15.
Bh6 Bxh6 16. Qxh6 Nc8 17. c5 f6 18. f4 Nf7 19. Qg7 b5 20. Bg4 Ke7 21. Bxc8 Qxc8
22. Rxd6 Rhe8 23. Rxf6 Rf8 24. e5 Qd7 25. Rd1 Qe8 26. e6 Rxd1+ 27. Nxd1 Kd8 28.
Rxf7 1-0

[Event "Ahlen- Eichlinghofen"]
[Site "?"]
[Date "2023.11.19"]
[Round "4.4"]
[White "Volesky, Alexander"]
[Black "Dreier, Daniel"]
[Result "1-0"]
[WhiteElo "1999"]
[BlackElo "1930"]
[PlyCount "63"]
[SourceDate "2023.11.29"]

1. e4 e5 2. Nf3 d5 3. exd5 Bd6 4. Bb5+ c6 5. dxc6 Nxc6 6. Qe2 Qe7 7. d3 Bg4 8.
Nbd2 Nf6 9. O-O Rc8 10. Nc4 Bb8 11. Re1 O-O 12. Bxc6 Rxc6 13. h3 Bh5 14. Bg5
Qc7 15. g4 e4 16. gxh5 exf3 17. Qxf3 Rc5 18. Bxf6 gxf6 19. Re4 Qh2+ 20. Kf1 f5
21. Re7 b5 22. b4 Rcc8 23. Ne3 Qd6 24. Nxf5 Qf6 25. Rae1 Rxc2 26. Re8 Bd6 27.
Qg4+ Kh8 28. Rxf8+ Bxf8 29. h6 Rc8 30. Ne7 Bxe7 31. Qxc8+ Bd8 32. Re8# 1-0

[Event "Ahlen- Eichlinghofen"]
[Site "?"]
[Date "2023.11.19"]
[Round "4.5"]
[White "Wloka, Sebastian"]
[Black "Busche, Klaus"]
[Result "1/2-1/2"]
[WhiteElo "1913"]
[BlackElo "1948"]
[PlyCount "81"]
[SourceDate "2023.11.29"]

1. d4 d5 2. c4 Nc6 3. cxd5 Qxd5 4. e3 e5 5. Nc3 Bb4 6. Bd2 Bxc3 7. Bxc3 exd4 8.
Ne2 Nf6 9. Nxd4 O-O 10. f3 Nxd4 11. Qxd4 Qxd4 12. Bxd4 Be6 13. Kf2 Rfd8 14. Be2
a6 15. a3 Rac8 16. Rac1 Ne8 17. b4 Nd6 18. a4 Nf5 19. Bc3 c5 20. g4 Ne7 21.
bxc5 Rxc5 22. Bb4 Rxc1 23. Rxc1 Nc6 24. Be1 Rc8 25. f4 Bd5 26. Bd3 Ne7 27.
Rxc8+ Nxc8 28. e4 Bc6 29. a5 Kf8 30. Ke3 Ke7 31. Bb4+ Ke8 32. f5 f6 33. Kf4 Bb5
34. Bc2 Ne7 35. g5 Nc6 36. Bc3 Ke7 37. Bb3 h6 38. gxh6 gxh6 39. Kg4 Be2+ 40.
Kf4 Bh5 41. Bd5 1/2-1/2

[Event "Ahlen- Eichlinghofen"]
[Site "?"]
[Date "2023.11.19"]
[Round "4.6"]
[White "Jaeger, Niklas"]
[Black "Richter, Jan"]
[Result "1/2-1/2"]
[WhiteElo "1840"]
[BlackElo "1912"]
[PlyCount "116"]
[SourceDate "2023.11.29"]

1. d4 Nf6 2. Bf4 c5 3. c3 e6 4. e3 Nc6 5. Nd2 cxd4 6. exd4 b6 7. Ngf3 Bb7 8.
Bd3 Be7 9. Ne4 d5 10. Nxf6+ gxf6 11. Qe2 Qd7 12. Bg3 O-O-O 13. b4 Rde8 14. O-O
Bd6 15. Qc2 Bxg3 16. fxg3 f5 17. a4 f6 18. a5 Qd6 19. axb6 axb6 20. Bb5 Kc7 21.
Rfe1 Ra8 22. Qd2 Rxa1 23. Rxa1 Ne7 24. Qh6 Ng6 25. Nh4 Qf8 26. Qe3 Nxh4 27.
gxh4 Qe7 28. Qf4+ e5 29. Qxf5 Ra8 30. Rxa8 Bxa8 31. dxe5 fxe5 32. Qg5 Kd6 33.
Qg8 Bb7 34. Qb8+ Ke6 35. Qa7 Bc8 36. Qxb6+ Kf5 37. Qh6 Qa7+ 38. Kf1 Qa1+ 39.
Ke2 Qb2+ 40. Qd2 Qxd2+ 41. Kxd2 Bb7 42. Bd7+ Kf6 43. g4 d4 44. cxd4 exd4 45. b5
Ke5 46. Bc6 Bxc6 47. bxc6 Kd6 48. Kd3 Kxc6 49. Kxd4 Kd6 50. Ke4 Ke6 51. g5 Ke7
52. Ke5 Kf7 53. Kf5 Kg7 54. h5 Kf7 55. h6 Kg8 56. h4 Kh8 57. h5 Kg8 58. g6 Kh8
1/2-1/2

[Event "Ahlen- Eichlinghofen"]
[Site "?"]
[Date "2023.11.19"]
[Round "4.7"]
[White "Scholz, Benedict"]
[Black "Voelker, Andreas"]
[Result "1-0"]
[WhiteElo "1924"]
[BlackElo "1815"]
[PlyCount "125"]
[SourceDate "2023.11.29"]

1. e4 c5 2. Nf3 e6 3. d4 cxd4 4. Nxd4 Nf6 5. Nc3 Nc6 6. Ndb5 d6 7. Bf4 e5 8.
Bg5 a6 9. Na3 b5 10. Nd5 Be7 11. Bxf6 Bxf6 12. c3 O-O 13. h4 Rb8 14. Nc2 g6 15.
g3 h5 16. Bg2 Bg4 17. Qd2 Bg7 18. Nce3 Be6 19. O-O Ne7 20. Rad1 Nxd5 21. Nxd5
f5 22. exf5 Bxf5 23. Nb4 Rb6 24. Nc6 Qe8 25. Qxd6 Kh7 26. Qc7 Rxc6 27. Bxc6 Qe6
28. Rd7 Qf6 29. Rd6 Rc8 30. Qxc8 Qxd6 31. Qxa6 b4 32. Qa4 bxc3 33. bxc3 Qd3 34.
Bg2 Qxc3 35. Qb3 Qc5 36. a4 Bc2 37. Rc1 Bxb3 38. Rxc5 Bxa4 39. Be4 Bf6 40. Kg2
Kg7 41. f3 Be8 42. Kh3 Kf7 43. g4 Ke6 44. g5 Be7 45. Ra5 Bb4 46. Ra6+ Bd6 47.
Kg3 Bf7 48. Ra7 Be7 49. Bc2 Be8 50. Bb3+ Kd6 51. Ra6+ Kc7 52. Ra8 Bd7 53. Rg8
Bf5 54. Bf7 Bd6 55. Bxg6 e4+ 56. f4 Bg4 57. Bxe4 Bb4 58. Kf2 Bc5+ 59. Kg2 Bd4
60. Bf3 Be6 61. Re8 Bd7 62. Re1 Kd6 63. Rd1 1-0

[Event "Ahlen- Eichlinghofen"]
[Site "?"]
[Date "2023.11.19"]
[Round "4.8"]
[White "Dreesbach, Harald"]
[Black "Zoremba, Bernhard"]
[Result "0-1"]
[WhiteElo "1786"]
[BlackElo "2031"]
[PlyCount "86"]
[SourceDate "2023.11.29"]

1. d4 c5 2. e3 d5 3. Nf3 Nc6 4. c3 Nf6 5. Bd3 e6 6. Nbd2 Be7 7. Qe2 O-O 8. O-O
a6 9. dxc5 Bxc5 10. e4 dxe4 11. Nxe4 Be7 12. b3 e5 13. Nxf6+ Bxf6 14. Bb2 g6
15. Rad1 Qc7 16. Nd2 Bg7 17. Rfe1 h6 18. Bb1 f5 19. Qc4+ Kh7 20. h4 Kh8 21. h5
g5 22. Nf3 Qe7 23. Qe2 Bd7 24. c4 e4 25. Nd4 Rae8 26. g4 Nxd4 27. Bxd4 Bc6 28.
Bxg7+ Qxg7 29. Rd6 Rf6 30. Red1 f4 31. Rd8 Qe7 32. R8d4 f3 33. Qf1 Qe6 34. Qh3
e3 35. Rf1 e2 36. Re1 Qe5 37. Rd3 Qf4 38. Qh2 Qxg4+ 39. Kh1 Ref8 40. Rd2 Qg2+
41. Qxg2 fxg2+ 42. Kg1 Rxf2 43. Kh2 Rf1 0-1

[Event "Brackel 3- FS Dortmund"]
[Site "?"]
[Date "2023.11.19"]
[Round "4.1"]
[White "Khess, Igor"]
[Black "Tkachuk, Sergiy"]
[Result "0-1"]
[WhiteElo "1978"]
[BlackElo "2197"]
[PlyCount "148"]
[SourceDate "2023.11.29"]

1. c4 Nf6 2. d4 g6 3. Nc3 Bg7 4. Nf3 d6 5. e4 O-O 6. h3 e5 7. d5 Ne8 8. Bg5 f6
9. Bh4 a5 10. Bd3 Na6 11. a3 Bd7 12. Bc2 c6 13. O-O Qc7 14. Nd2 Bh6 15. g4 Ng7
16. Ne2 Rf7 17. f4 exf4 18. Nf3 g5 19. Bf2 c5 20. Qd3 Ne8 21. Be1 Nb8 22. Nc3
Qd8 23. Rf2 Bc8 24. Bd2 Nd7 25. Rg2 Ne5 26. Nxe5 fxe5 27. Bd1 Bf8 28. Bf3 Rg7
29. a4 Bd7 30. Nd1 b6 31. Nf2 Be7 32. Kf1 Nf6 33. Ke2 Kf7 34. b3 Qc7 35. Rag1
Rh8 36. Kd1 h6 37. Kc2 Qc8 38. Kb2 h5 39. Qe2 hxg4 40. hxg4 Rgh7 41. Bc3 Ng8
42. Ka3 Bf6 43. Be1 Ne7 44. Qd1 Ng6 45. Nd3 Rh3 46. Qe2 R8h7 47. Bf2 Qh8 48.
Ne1 Be7 49. Ka2 Rg7 50. Qd1 Qh7 51. Qe2 Nf8 52. Nd3 Qg6 53. Be1 Rgh7 54. Bf2
Bc8 55. Be1 Nd7 56. Nf2 R3h6 57. Ka3 Nf6 58. Kb2 Qg8 59. Ka3 Qh8 60. Bd2 Nd7
61. Be1 Nf8 62. Nd3 Ng6 63. Bf2 Rh3 64. Ne1 Rh2 65. Qf1 Rxg2 66. Rxg2 Rh1 67.
Rg1 Rxg1 68. Qxg1 Qh3 69. Kb2 Nh4 70. Bd1 Bd7 71. Kc2 Kg7 72. Kd2 Be8 73. Bc2
Bg6 74. Bd3 Nf3+ 0-1

[Event "Brackel 3- FS Dortmund"]
[Site "?"]
[Date "2023.11.19"]
[Round "4.2"]
[White "Althoff, Ralph"]
[Black "Schulz, Oliver"]
[Result "1-0"]
[WhiteElo "2024"]
[BlackElo "1955"]
[PlyCount "73"]
[SourceDate "2023.11.29"]

1. d4 Nf6 2. Nf3 e6 3. Bf4 c5 4. e3 Qb6 5. Na3 d5 6. Nb5 Na6 7. a4 Qd8 8. c3
Nh5 9. Bg5 Be7 10. Bxe7 Qxe7 11. Bd3 Nf6 12. O-O Nb8 13. dxc5 Qxc5 14. c4 a6
15. cxd5 O-O 16. Rc1 Qb4 17. Nc7 Ra7 18. e4 exd5 19. e5 Ng4 20. Nxd5 Qxb2 21.
Ne7+ Kh8 22. Nxc8 Ra8 23. Ng5 Nh6 24. Re1 Nc6 25. Nd6 Nxe5 26. Nc4 Nxc4 27.
Rxc4 b5 28. axb5 axb5 29. Qc2 Qa3 30. Rc3 Qa5 31. Bxb5 g6 32. Qb2 Kg8 33. Ne4
Rfb8 34. Nf6+ Kg7 35. Nh5+ Kf8 36. Rc8+ Rxc8 37. Qg7# 1-0

[Event "Brackel 3- FS Dortmund"]
[Site "?"]
[Date "2023.11.19"]
[Round "4.3"]
[White "Brendemuehl, Bernd"]
[Black "Tomasjan, Samuel"]
[Result "1/2-1/2"]
[WhiteElo "1977"]
[BlackElo "1992"]
[PlyCount "100"]
[SourceDate "2023.11.29"]

1. e4 e5 2. Nf3 Nc6 3. Bb5 Nf6 4. O-O Nxe4 5. Re1 Nd6 6. Nxe5 Nxe5 7. Rxe5+ Be7
8. Ba4 O-O 9. d4 Bf6 10. Re1 b5 11. Bb3 Bb7 12. Nc3 c6 13. Bf4 Nf5 14. Ne2 Nh4
15. c3 Re8 16. Bc2 c5 17. d5 Ng6 18. Bg3 d6 19. Qd2 Bh4 20. Rad1 Qf6 21. a4 a6
22. Qd3 c4 23. Qd2 Bxg3 24. hxg3 Re5 25. Nd4 bxa4 26. Nc6 Bxc6 27. dxc6 Rxe1+
28. Rxe1 Ne5 29. Bxa4 g6 30. Qd4 Kg7 31. c7 Rc8 32. Qb6 Qe7 33. Rd1 Qxc7 34.
Rxd6 Qe7 35. Qd4 Kg8 36. Bc2 Nc6 37. Qd2 Rd8 38. Rxd8+ Nxd8 39. f3 Qc7 40. Qe3
Ne6 41. f4 Qb8 42. Be4 Qb5 43. Qe2 Nc5 44. Kh2 Na4 45. Qd2 Qb6 46. Qd7 Nxb2 47.
Bd5 Qf6 48. Qc8+ Kg7 49. Bxc4 Qxc3 50. Bxa6 Qxc8 1/2-1/2

[Event "Brackel 3- FS Dortmund"]
[Site "?"]
[Date "2023.11.19"]
[Round "4.4"]
[White "Al Tarboush, Hussam"]
[Black "Mewes, Karsten"]
[Result "1-0"]
[WhiteElo "2012"]
[BlackElo "1936"]
[PlyCount "50"]
[SourceDate "2023.11.29"]

1. e4 e6 2. d4 d5 3. Nd2 Nf6 4. e5 Nfd7 5. Ne2 c5 6. c3 Nc6 7. g3 b5 8. Bg2 Qb6
9. Nf3 g6 10. O-O Bg7 11. Be3 c4 12. Qd2 h6 13. b3 cxb3 14. axb3 a5 15. c4 Nb4
16. Nc3 Ba6 17. cxd5 exd5 18. Nh4 Bb7 19. Rfc1 Nf8 20. Bh3 Bc8 21. Nxb5 Qxb5
22. Bxc8 Nd7 23. e6 fxe6 24. Nxg6 Rg8 25. Rc7 Qb6 1-0

[Event "Brackel 3- FS Dortmund"]
[Site "?"]
[Date "2023.11.19"]
[Round "4.5"]
[White "Grube, Joerg"]
[Black "Strathoff, Dirk"]
[Result "1-0"]
[WhiteElo "1835"]
[BlackElo "1902"]
[PlyCount "111"]
[SourceDate "2023.11.29"]

1. e4 c5 2. Nf3 Nc6 3. d4 cxd4 4. Nxd4 e5 5. Nb5 d6 6. a4 a6 7. N5a3 Nf6 8. Bd3
Bg4 9. Be2 Bxe2 10. Qxe2 Nd4 11. Qd3 d5 12. Nd2 Rc8 13. c3 dxe4 14. Qb1 Bxa3
15. Rxa3 Ne6 16. Nxe4 Qd5 17. Nxf6+ gxf6 18. O-O Rg8 19. g3 h5 20. c4 Qc6 21.
Qh7 Ke7 22. Qxh5 Rh8 23. Qf3 Qxf3 24. Rxf3 Rh3 25. Kg2 Rch8 26. Rh1 Nd4 27. Rd3
Ke6 28. Be3 Nc6 29. Rb3 Na5 30. Rb6+ Kf5 31. b3 e4 32. Bf4 Nc6 33. f3 exf3+ 34.
Kxf3 Nd4+ 35. Kg2 Kg4 36. Rd6 Nf3 37. Kf2 Rxh2+ 38. Rxh2 Rxh2+ 39. Ke3 Rc2 40.
Kd3 Ne1+ 41. Kd4 f5 42. Rf6 Re2 43. Rxf7 Re4+ 44. Kc5 Nd3+ 45. Kb6 Re6+ 46.
Kxb7 Nc5+ 47. Kc7 Nxb3 48. Bd6 Re4 49. c5 Rxa4 50. c6 Rc4 51. Kd7 Nd4 52. c7
Nb5 53. Rf8 a5 54. c8=Q Rxc8 55. Rxc8 Nxd6 56. Rg8+ 1-0

[Event "Brackel 3- FS Dortmund"]
[Site "?"]
[Date "2023.11.19"]
[Round "4.6"]
[White "Hendler, Markus"]
[Black "Schlaeger, Reiner"]
[Result "1-0"]
[WhiteElo "1835"]
[BlackElo "1596"]
[PlyCount "69"]
[SourceDate "2023.11.29"]

1. e4 e5 2. Nf3 Nc6 3. Bb5 a6 4. Ba4 Nf6 5. O-O b5 6. Bb3 Be7 7. Re1 O-O 8. h3
d6 9. c3 Na5 10. Bc2 Re8 11. a4 b4 12. d4 exd4 13. cxd4 Rb8 14. Nbd2 Be6 15.
Nb3 Nc4 16. d5 Bd7 17. Nbd4 Ne5 18. b3 Qc8 19. Nxe5 dxe5 20. Nf3 Bd6 21. Bd3 a5
22. Be3 h6 23. Rc1 Nh5 24. Qe2 Nf4 25. Bxf4 exf4 26. e5 Bxh3 27. gxh3 Qxh3 28.
Qe4 Qg4+ 29. Kf1 Qh3+ 30. Ke2 Qg4 31. Rg1 f5 32. Rxg4 fxe4 33. Bxe4 Bxe5 34.
Nxe5 Rxe5 35. f3 1-0

[Event "Brackel 3- FS Dortmund"]
[Site "?"]
[Date "2023.11.19"]
[Round "4.7"]
[White "Bommert, Christian"]
[Black "Roewer, Alois"]
[Result "1/2-1/2"]
[WhiteElo "1628"]
[BlackElo "1833"]
[PlyCount "56"]
[SourceDate "2023.11.29"]

1. e4 e5 2. f4 d5 3. exd5 exf4 4. Nf3 Nf6 5. Bb5+ Bd7 6. Qe2+ Be7 7. d4 Nxd5 8.
Bxd7+ Nxd7 9. c4 Ne3 10. Bxe3 fxe3 11. Qxe3 O-O 12. O-O Bf6 13. Nc3 Re8 14. Qf4
Nb6 15. Ne5 Re7 16. Rad1 Bxe5 17. dxe5 Qe8 18. c5 Nd7 19. Nd5 Nxc5 20. Nxe7+
Qxe7 21. Qd4 a5 22. Rf3 Rf8 23. Qd5 b6 24. Rdf1 Ne6 25. h4 h6 26. a3 Qxh4 27.
Rxf7 Rxf7 28. Qxe6 Qd4+ 1/2-1/2

[Event "Brackel 3- FS Dortmund"]
[Site "?"]
[Date "2023.11.19"]
[Round "4.8"]
[White "Seref, Serkan"]
[Black "Sonntag, Hans- joachim"]
[Result "1-0"]
[WhiteElo "1664"]
[BlackElo "1664"]
[PlyCount "87"]
[SourceDate "2023.11.29"]

1. e4 c5 2. Nc3 d6 3. g3 g6 4. Bg2 Bg7 5. d3 Nc6 6. Nge2 Nf6 7. O-O O-O 8. h3
e6 9. f4 Qb6 10. Kh2 a6 11. Rb1 Qc7 12. Ng1 Nd4 13. Nce2 Nxe2 14. Nxe2 Bd7 15.
Be3 Bc6 16. Qd2 Rad8 17. g4 Nd7 18. Ng3 d5 19. e5 d4 20. Bf2 Bxg2 21. Kxg2 Qc6+
22. Kh2 f6 23. exf6 Nxf6 24. Rbe1 Nd5 25. Bg1 Rde8 26. Re4 Rf7 27. Rfe1 Qd6 28.
Rf1 Ref8 29. Ree1 Rxf4 30. Rxf4 Rxf4 31. Qe2 e5 32. Ne4 Qc7 33. Bf2 Rf8 34. Ng5
Nf4 35. Qe4 Nxd3 36. cxd3 Rxf2+ 37. Kg1 Rf6 38. Qd5+ Kh8 39. Ne4 Qc6 40. Nxf6
Bxf6 41. Qf7 Bg7 42. Rxe5 h6 43. Re8+ Kh7 44. Qg8# 1-0

[Event "Dorsten- Gerthe"]
[Site "?"]
[Date "2023.11.19"]
[Round "4.1"]
[White "Quast, Marcel"]
[Black "Ahling, Michael"]
[Result "1/2-1/2"]
[WhiteElo "2163"]
[BlackElo "2128"]
[PlyCount "62"]
[SourceDate "2023.11.29"]

1. e4 c6 2. Nf3 d5 3. Nc3 dxe4 4. Nxe4 Bf5 5. Ng3 Bg4 6. Bc4 e6 7. c3 Nf6 8. d4
Nbd7 9. O-O Be7 10. Re1 O-O 11. h3 Bxf3 12. Qxf3 Re8 13. Bb3 Qc7 14. Bf4 Bd6
15. Bxd6 Qxd6 16. Rad1 Rad8 17. Bc2 Qc7 18. Ne4 Nxe4 19. Qxe4 Nf6 20. Qh4 h6
21. Re5 Rd5 22. Qg3 Red8 23. Rxd5 Nxd5 24. Qxc7 Nxc7 25. g3 Nd5 26. Bb3 Kf8 27.
f4 Ke7 28. Kf2 h5 29. Kf3 Rh8 30. Re1 Kd6 31. h4 g6 1/2-1/2

[Event "Dorsten- Gerthe"]
[Site "?"]
[Date "2023.11.19"]
[Round "4.2"]
[White "Hermanowski, Mark"]
[Black "Brueggestraß, Volker"]
[Result "0-1"]
[WhiteElo "1906"]
[BlackElo "2037"]
[PlyCount "52"]
[SourceDate "2023.11.29"]

1. e4 e5 2. f4 exf4 3. Nf3 Be7 4. Bc4 Nf6 5. Nc3 Nxe4 6. Bxf7+ Kxf7 7. Nxe4 d5
8. Nf2 Rf8 9. O-O Kg8 10. d4 Nc6 11. Nd3 Bd6 12. c3 Be6 13. b4 Qf6 14. Nfe1
Nxd4 15. Bb2 Nf5 16. c4 d4 17. Nxf4 Qh6 18. Qe2 Bxf4 19. Rxf4 Qxf4 20. Qxe6+
Kh8 21. Nf3 Rae8 22. Qd7 Rd8 23. Qa4 Nh4 24. Rf1 Qe3+ 25. Kh1 Nxf3 26. gxf3 Qe2
0-1

[Event "Dorsten- Gerthe"]
[Site "?"]
[Date "2023.11.19"]
[Round "4.3"]
[White "Gottmann, Bernd"]
[Black "Czubak, Michael"]
[Result "1-0"]
[WhiteElo "1970"]
[BlackElo "1869"]
[PlyCount "115"]
[SourceDate "2023.11.29"]

1. d4 Nf6 2. c4 e6 3. Nc3 d5 4. cxd5 exd5 5. Bg5 Be7 6. e3 c6 7. Qc2 Nbd7 8.
Bd3 h6 9. Bh4 O-O 10. Nf3 Re8 11. O-O Nh5 12. Bxe7 Qxe7 13. Rab1 Nhf6 14. b4 a6
15. a4 Ne4 16. b5 axb5 17. axb5 Ra3 18. Bxe4 dxe4 19. Nd2 Nf6 20. Nc4 Ra7 21.
bxc6 bxc6 22. Ne5 Rc7 23. Rfc1 Ba6 24. Rb6 Qa3 25. Nb1 Qa5 26. Qc5 Qxc5 27.
Rxc5 Rb7 28. Rxb7 Bxb7 29. Nxc6 Bxc6 30. Rxc6 Rb8 31. Rc1 Nd5 32. Nd2 f5 33.
Kf1 Rb2 34. Nc4 Ra2 35. Ne5 Nb4 36. g3 Kh7 37. Rb1 Nd5 38. h4 Nc3 39. Rc1 Nd5
40. Ke1 h5 41. Nc6 Rb2 42. Rc5 Nb6 43. Rxf5 Nc4 44. Rxh5+ Kg6 45. Rg5+ Kf6 46.
Ne5 Nd2 47. Rg6+ Ke7 48. Rxg7+ Ke6 49. Rc7 Nf3+ 50. Nxf3 exf3 51. Rc1 Kf5 52.
Rd1 Kg4 53. d5 Kh3 54. Kf1 Kg4 55. d6 Rb8 56. d7 Rd8 57. Rd4+ Kh3 58. h5 1-0